| 000 | 02286nam a2200325 c 4500 | ||
|---|---|---|---|
| 999 |
_c160552 _d160552 |
||
| 003 | BLK | ||
| 005 | 20240425083556.0 | ||
| 008 | 180410b bul|||||r ||||||| ||bul|| | ||
| 010 | _aKNG00167778000 | ||
| 040 | _aBLK | ||
| 041 |
_aBUL _cBUL |
||
| 072 | 7 |
_2bullib _aК _xКраезнание |
|
| 080 |
_aБългарска литература _b821.163.2 _x-32 _z821.163.2-32 |
||
| 100 |
_aНемиров, Добри _d03.02.1882 – 30.09.1945 _gДобри Немиров е псевдоним на Добри Зарафов – български писател, председател на Съюза на българските писатели в периода 1937 – 1940 г. Поради липса на средства се самообразова, работи като дребен чиновник, библиотекар в БКД и в Министерството на благоустройството. За пръв път Немиров печата разкази през 1902 г. Сътрудничи на списанията „Учителска мисъл“, „Народен живот“, Демократически преглед“, „Хиперион“ и др. Автор е на повестите „Роб“, „Дялба“, „Бедния Лука“; романите „Братя“, „Кошмар“, „Другият“, „Ангелогласният“, „Първи бразди“, „Дело № 9“; разказите за деца „Когато бях малък“ и др. Пише пътеписи, рецензии и отзиви за художествени изложби, филми, театрални постановки и драма. _qЗафиров, Добри Харалампиев _9251710 |
||
| 139 |
_aНемиров, Добри _bН 53 |
||
| 245 | 1 | 0 |
_aДялба _bПовест _cДобри Немиров. |
| 257 | _aBGR | ||
| 260 | _c1922 | ||
| 300 |
_a62 с. _c22 см |
||
| 380 | _aX | ||
| 659 | _aК | ||
| 852 | _aЦб 73830 | ||
| 852 | _aК 821.163.2/Н 53 Д | ||
| 856 | 4 | _qpdf | |
| 856 | 4 | _qpdf | |
| 942 |
_cKNG _n0 _s1 |
||
| 944 |
_aCR _c27.11.2014 _lНора Радева _k30545 |
||
| 944 |
_aED _c27.11.2014 _l27.11.2014 - от С1,Р / 27.11.2014 |
||
| 999 | _d160552 | ||